00511nam a2200193Ia 4500003000400000005001700004008004100021020002200062040000700084041000800091082002200099100003400121245006400155250000600219260003800225300001600263365001400279650002400293OSt20230502153345.0210423s2018 xx 000 0 und d a978-3-319-73998-4 cAL aeng a530.41 223bQUIS aQUINN (John J);YI (Kyung-Soo) aSolid state physics Ed2: principles and modern applications a2 aHeidelbergbSpringer Verlagc2018 axix,594bPB b8149cINR aSolid State Physics